Linguaforum hooked on toefl reading crash course
Gardado en:
| Formato: | Libro |
|---|---|
| Publicado: |
2007
|
| Các nhãn: |
Engadir etiqueta
Sen Etiquetas, Sexa o primeiro en etiquetar este rexistro!
|
| Thư viện lưu trữ: | Mạng thư viện Đại học Đà Nẵng |
|---|
| LEADER | 00456nam a22001811a 4500 | ||
|---|---|---|---|
| 001 | 000038378 | ||
| 003 | 14673 | ||
| 005 | 20160412021304.0 | ||
| 008 | 160412s2007 000 | ||
| 082 | |a 4A(07)2447 | ||
| 245 | |a Linguaforum hooked on toefl reading crash course |c Lê Huy Lâm | ||
| 260 | |c 2007 | ||
| OWN | |a LNN | ||
| 999 | |a From the UDN01 | ||
| TYP | |a Monograph | ||
| 980 | |a Mạng thư viện Đại học Đà Nẵng | ||